Sports Quiz

Random Sports or MLB Quiz

Cubs 3B between Santo and Ramirez Quiz Stats

 Plays Quiz not verified by Sporcle

Challenge
Share
Tweet
Embed
Score 0/97 Timer 12:00
0 Plays Today
Years Played Name % Correct
1982*Ryne Sandberg
68.1%
1983-86*Ron Cey
66.7%
1997-98*, 2002Kevin Orie
58.5%
1994-99*, 2003Jose Hernandez
51.7%
1998-99*Gary Gaetti
50.7%
1988-89*Vance Law
50.2%
1992-95*Steve Buechele
48.3%
1974-76*Bill Madlock
46.4%
1991-92*Gary Scott
44.9%
1989-92*Luis Salazar
44.4%
1978Rodney Scott
44%
1988Angel Salazar
43.5%
1982, 1984-87*Keith Moreland
43%
1995Howard Johnson
42.5%
1978Davey Johnson
41.1%
2001-02*Bill Mueller
40.6%
2002-03*Mark Bellhorn
31.9%
1994, 1997Rey Sanchez
27.1%
1979Steve Davis
25.1%
1977-80*Steve Ontiveros
24.6%
1999-2000*Shane Andrews
23.2%
2003Ramon Martinez
22.7%
1983Carmelo Martinez
22.7%
1986-88*Manny Trillo
22.2%
1995Todd Zeile
22.2%
1987, 1991-92Chico Walker
20.8%
1981*Ken Reitz
20.3%
1991-93Jose Vizcaino
18.8%
2003Lenny Harris
18.8%
1975Vic Harris
18.8%
2001Ron Coomer
17.4%
1996Leo Gomez
16.4%
1996-99Tyler Houston
16.4%
Years Played Name % Correct
1989-90Lloyd McClendon
16.4%
2002*Chris Stynes
15.9%
1999Jeff Blauser
15.9%
1985-86Davey Lopes
12.6%
2000Willie Greene
11.1%
1989-90Curtis Wilkerson
11.1%
1976-80Mick Kelleher
10.1%
1983-85Dave Owen
10.1%
1975-76Don Kessinger
10.1%
1980Len Randle
8.7%
1984-85Richie Hebner
7.7%
1989-90Domingo Ramos
7.2%
1996Dave Magadan
7.2%
2001-03Augie Ojeda
7.2%
1978, 1981Hector Cruz
7.2%
1977Dave Rosello
7.2%
1987Paul Noce
7.2%
1985-86Chris Speier
6.8%
1998-99Manny Alexander
6.8%
1983-84Tom Veryzer
6.8%
1979-81Steve Dillard
6.3%
1974Matt Alexander
5.8%
1978-79Mike Vail
5.8%
1997Dave Hansen
5.3%
2001Deline DeShields
5.3%
1999Jeff Reed
5.3%
2000Jose Nieves
4.8%
1982-83Junioe Kennedy
4.3%
1995Matt Franco
4.3%
2001Miguel Cairo
3.4%
1984, 1986Dan Rohn
3.4%
1974-75Andre Thornton
3.4%
1974Carmen Fanzone
2.9%
Years Played Name % Correct
1981-82Ty Waller
2.9%
1994Eduardo Zambrano
2.9%
1991-92Doug Strange
2.4%
1982Pat Tabler
2.4%
1979-80Steve Macko
2.4%
1976Wayne Tyrone
2.4%
1974Jim Tyrone
2.4%
1999Cole Liniak
1.9%
1996Terry Shumpert
1.9%
1987Rudy Meoli
1.9%
1976Mike Adams
1.9%
1994Mike Maksudian
1.9%
1997Mike Hubbard
1.9%
1995Joe Kmak
1.9%
1987Luis Quinones
1.9%
1975-76Rob Sperring
1%
2000Jeff Huson
1%
1994-96Todd Haney
1%
1978Mike Sember
1%
1974Billy Grabarkewitz
1%
1996Bret Barberie
1%
1981Scott Fletcher
1%
2000-01Chad Meyers
0.5%
1998Jason Hardtke
0.5%
1993Eric Yelding
0.5%
1974-75Ron Dunn
0%
1987Wade Rowdon
0%
1978Ed Putman
0%
1993Tommy Shields
0%
1983Fritzie Connally
0%
1988Dave Meier
0%

You're not logged in!

Compare scores with friends on all Sporcle quizzes.
OR
Log In

You Might Also Like...

Show Comments

Extras

Top Quizzes Today


Score Distribution

Your Account Isn't Verified!

In order to create a playlist on Sporcle, you need to verify the email address you used during registration. Go to your Sporcle Settings to finish the process.

Report this User

Report this user for behavior that violates our Community Guidelines.

Details: